000 04055nam a22006375i 4500
001 991107130370106196
005 20260515114408.0
006 m o d |
007 cr cnu||||||||
008 220314s2022 sz | o |||| 0|eng d
020 _a9783030858162
024 7 _a10.1007/978-3-030-85817-9
_2doi
035 _a(CKB)5840000000011890
035 _a(MiAaPQ)EBC6925890
035 _a(Au-PeEL)EBL6925890
035 _a(OCoLC)1306069618
035 _a(oapen)https://directory.doabooks.org/handle/20.500.12854/81593
035 _a(DE-He213)978-3-030-85817-9
035 _a(PPN)261522434
035 _a(ODN)ODN0010074053
035 _a(oapen)doab81593
035 _a(EXLCZ)995840000000011890
040 _aMiAaPQ
_beng
_erda
_epn
_cMiAaPQ
_dMiAaPQ
041 0 _aeng
050 4 _aK7000-7720.22
100 _aMarano, Pierpaolo.
_925877
245 1 4 _aThe Governance of Insurance Undertakings
_b: Corporate Law and Insurance Regulation
_c/ edited by Pierpaolo Marano, Kyriaki Noussia.
250 _aFirst edtion 2022.
260 _c2022.
264 1 _aCham :
_bSpringer International Publishing :
_bImprint: Springer,
_c2022.
300 _a1 online resource (365 pages)
490 1 _aAIDA Europe Research Series on Insurance Law and Regulation,
_x2662-1789 ;
_v6
505 0 _aPart I – The System of Governance of Insurance Undertakings — Corporate Governance and the so-called “Four-Eyes Principle” — The Risk Management System, the Risk Culture, and the Duties of the Insurers’ Directors — Role and Significance of the Compliance Function in an Insurance Undertaking — Insurance Outsourcing: A Legal Analysis — Remuneration Policies of Insurance Undertakings in Europe: Principles for a Deeply Heterogeneous Reality — Corporate Governance Standards for Insurers in Singapore — Part II – Insurance Business and Corporate Law — Recovery and Resolution of Insurance Companies and Directors’ Duties — Restructuring, Winding-Up & Portfolio Transfer of Insurance Companies in Distress — Insurance in M&A Transactions — The Algorithmic Future of Insurance Supervision in the EU: A Reality Check — Financial Reporting in Insurance and International Financial Reporting Standards — Recent Directions in the Regulation of Insurance Claims Handling in the United Kingdom and Australia: A Model for Other Jurisdictions to Consider? — Business Registration Data as the Best Vehicle to Achieve KYC and AML for Business — The Influence of Public and Corporate Insurance Law on the Application of Private International Law: Selected Issues.
520 _aThis open access volume of the AIDA Europe Research Series on Insurance Law and Regulation brings together contributions from authors with different legal cultures. It aims to identify the legal issues that arise from the intersection of two disciplines: insurance law and corporate/company law. These legal issues are examined mainly from the perspective of European Union (EU) law. However, there are also contributions from other legal systems, enriching the perspective with which to approach these issues.
546 _aEnglish
650 0 _aConflict of laws.
_925878
650 0 _aInternational law.
_925879
650 0 _aComparative law.
_925880
650 0 _aCommercial law
_95137
650 0 _aEuropean Economic Community
_96368
650 0 _aCorporation law
_95125
650 0 _aCommon law.
_925881
650 0 _aFinance
_xLaw and legislation
_93341
650 1 0 _aPrivate International Law, International and Foreign Law, Comparative Law.
_925882
650 2 0 _aEuropean Economic Law.
_925883
650 2 0 _aFinancial Law.
_925884
650 0 _aCorporate governance
_97297
700 _aNoussia, Kyriaki.
_925885
720 1 _aMarano, Pierpaolo
_4edt
720 1 _aNoussia, Kyriaki
_4edt
776 0 8 _z3-030-85816-2
830 0 _aAIDA Europe Research Series on Insurance Law and Regulation,
_x2662-1789 ;
_v6
856 _uhttps://library.oapen.org/handle/20.500.12657/54011
906 _aBOOK
942 _2lcc
999 _c4943
_d4943